00764nam a2200229Ia 4500003000400000005001700004008004100021020001400062040000700076041000800083082001600091100004500107245006400152260004300216300001500259365001300274650002500287906006300312942001200375999001900387952012800406OSt20230425143553.0210423s2003 xx 000 0 und d a817808936 cAL aeng a660.65 BOYM aBOYLAN (Michael);BROWN (Kevin E).992669 aGenetic engineering science and ethics on the new frontier. aDelhibPearson Education Pvt Ltdc2003 axi,196bPB b135cINR aBiotechnology992670 aengineering ; ethics ; frontier. ; Genetic ; new ; science 2ddccBK c162645d162645 001040708BTaSACPGbSACPGd2004-04-30eBook Worldg135.00l0o660.65 BOYMpPG009138r2022-08-24 00:00:00w2021-04-26yBK